Annals of economic and social measurement. (Registro nro. 17844)

Detalles MARC
000 -CABECERA
Campo de control 01206cas a2200265 4500
005 - FECHA Y HORA DE LA ULTIMA TRANSACCION
Campo de control 20170201144839.0
008 - ELEMENTOS DE LONGITUD FIJA—INFORMACION GENERAL
Campo de control 751101d19721978nyuqr p 0 a0eng
022 ## - ISSN
ISSN 0044-832X
040 ## - FUENTE DE CATALOGACIÓN
Agencia catalogadora original DLC
Agencia transcriptora MnMULS
Agencia Modificadora NAlULS
-- DI
-- NSDP
-- DLC
-- OCoLC
-- AIP
-- NST
-- DNAL
-- NST
-- OCoLC
-- MH
-- OCoLC
-- CaQQL
-- CU-I
-- OCoLC
-- J9U
-- UKMGB
-- OCLCF
-- InU
-- CO-BoIAVH
041 0# - IDIOMA
Código de idioma para texto/pista de sonido o título separado Español
044 ## - PAÍS DE PUBLICACIÓN
País de publicación Estados Unidos
090 ## - CLASIFICACIÓN LOCAL
Colección SE
245 00 - MENCION DE TITULO
Título Annals of economic and social measurement.
246 30 - FORMA VARIANTE DEL TITULO
Título propiamente dicho/forma breve del título Economic and social measurement
260 ## - PUBLICACION, DISTRIBUCION, ETC. (PIE DE IMPRENTA)
Lugar de publicación, distribución, etc. New York (Estados Unidos) :
Nombre del editor, distribuidor, etc. National Bureau of Economic Research.
Fecha de publicación, distribución, etc. 1972-1978.
300 ## - DESCRIPCION FISICA
Otros detalles físicos ilustraciones
Dimensiones 25 cm.
650 #0 - ASIENTO SECUNDARIO DE MATERIA - TERMINO TEMATICO
Término temático o nombre geográfico como elemento de entrada Ciencias sociales
Subdivisión general Investigación
Subdivisión de forma Periódicas.
9 (RLIN) 78576
650 #0 - ASIENTO SECUNDARIO DE MATERIA - TERMINO TEMATICO
Término temático o nombre geográfico como elemento de entrada Ciencias sociales
Subdivisión general Data processing
Subdivisión de forma Periódicas.
9 (RLIN) 78577
650 #0 - ASIENTO SECUNDARIO DE MATERIA - TERMINO TEMATICO
Término temático o nombre geográfico como elemento de entrada Sistemas de almacenamiento y recuperación de información
Subdivisión general Ciencias sociales
Subdivisión de forma Periódicas.
9 (RLIN) 78578
650 #6 - ASIENTO SECUNDARIO DE MATERIA - TERMINO TEMATICO
Término temático o nombre geográfico como elemento de entrada Ciencias sociales
Subdivisión general Informática
Subdivisión de forma Periódicas.
9 (RLIN) 78579
650 #6 - ASIENTO SECUNDARIO DE MATERIA - TERMINO TEMATICO
Término temático o nombre geográfico como elemento de entrada Sistemas de información
Subdivisión general Ciencias sociales
Subdivisión de forma Periódicas.
9 (RLIN) 78580
710 2# - ASIENTO SECUNDARIO - NOMBRE CORPORATIVO
Nombre corporativo o de jurisdicción como elemento de entrada National Bureau of Economic Research.
9 (RLIN) 78581
776 08 - ADDITIONAL PHYSICAL FORM ENTRY
Display text Online version:
Title Annals of economic and social measurement
Record control number (OCoLC)569465223
942 ## - ELEMENTOS ADICIONALES (KOHA)
Sistema de clasificación Local
Tipo de ítem Periodica o revista
Serial record 1
Existencias
Withdrawn status Lost status Sistema de Clasificación Damaged status No para préstamo Colección Fecha publicación (Año) Volumen revista Número revista Inventariado Ubicación Permanente Ubicación actual Fecha de adquisición Fuente de adquisición Precio Datos de publicación Seriada Total Checkouts Número topográfico Inventario / Código de Barras Date last seen Ejemplar Price effective from Forma de adquisición Tipo de material
    Local     Hemeroteca 1975 4 1, 2, 3 y 4 Inventariado 2017 Bogotá Bogotá 01/02/2017 CIAT 568.00 Vol 4, Nros 1, 2, 3 y 4   SE 040979 01/02/2017 Ej. 1 01/02/2017 Donación Periodica o revista
    Local     Hemeroteca 1974 3 1, 2, 3 y 4 Inventariado 2017 Bogotá Bogotá 01/02/2017   568.00 Vol 3, Nros 1, 2, 3 y 4   SE 040978 01/02/2017 Ej. 1 01/02/2017 Donación Periodica o revista
    Local     Hemeroteca 1972 1 1, 2, 3 y 4 Inventariado 2017 Bogotá Bogotá 01/02/2017   568.00 Vol 1, Nros 1, 2, 3 y 4   SE 039288 01/02/2017 Ej. 1 01/02/2017 Donación Periodica o revista
    Local     Hemeroteca 1973 2 1, 2, 3 y 4 Inventariado 2017 Bogotá Bogotá 01/02/2017   568.00 Vol 2, Nros 1, 2, 3 y 4   SE 040977 01/02/2017 Ej. 1 01/02/2017 Donación Periodica o revista
    Local     Hemeroteca 1978 6 1, 2, 3 y 4 Inventariado 2017 Bogotá Bogotá 01/02/2017   568.00 Vol 6, Nros 1, 2, 3 y 4   SE 040980 01/02/2017 Ej. 1 01/02/2017 Donación Periodica o revista
    Local     Hemeroteca 1976 5 1, 2, 3 y 4 Inventariado 2017 Bogotá Bogotá 20/02/2017   568.00 Vol 5, Nros 1, 2, 3 y 4   SE 041023 20/02/2017 Ej. 1 20/02/2017 Donación Periodica o revista